La Liga: 100+ Goals (2000-) - Statistics

General Stats
  • This quiz has been taken 37 times
  • The average score is 14 of 19
Answer Stats
Ranking Player Positions Nationality Matches Goals (assists) Periods Clubs % Correct
2 Cristiano Ronaldo MF, FW 292 311 (83) 2009-2018
100%
1 Lionel Messi MF, FW 519 474 (191) 2004-2021
100%
4 Antoine Griezmann MF, FW 530 198 (84) 2010-2025
97%
3 Karim Benzema FW 439 238 (106) 2009-2023
97%
6 Luis Suárez FW 258 178 (73) 2014-2022
97%
9 Samuel Eto'o FW 264 155 (41) 2000-2009
97%
5 David Villa MF, FW 352 185 (46) 2003-2014
90%
10 Raúl FW 334 129 (43) 2000-2010
87%
7 Iago Aspas MF, FW 387 165 (64) 2012-2013, 2014-2025
84%
18 Gonzalo Higuaín MF, FW 190 107 (33) 2006-2013
81%
13 Diego Forlán MF, FW 240 127 (31) 2004-2011
77%
8 Aritz Aduriz FW 443 158 (46) 2002-2003, 2005-2020
68%
16 Cristhian Stuani MF, FW 325 111 (16) 2010-2014, 2017-2018, 2022-2025
52%
19 Fernando Torres FW 281 103 (26) 2002-2006, 2014-2018
52%
15 Gerard Moreno MF, FW 321 121 (38) 2014-2025
48%
11 Roberto Soldado FW 325 129 (38) 2005-2012, 2015-2016, 2019-2022
42%
12 Álvaro Negredo FW 361 127 (35) 2007-2012, 2014-2015, 2020-2024
39%
17 Raúl García MF, FW 609 111 (48) 2004-2024
35%
14 Raúl Tamudo FW 340 126 (23) 2000-2013
23%
No matching quizzes found
Score Distribution
Percent of People with Each Score
Percentile by Number Answered
Your Score History
You have not taken this quiz